[Event "Gorges op 29th"]
[Site "Gorges"]
[Date "2019.07.06"]
[Round "3"]
[White "Jousset, Jean Michel"]
[Black "Gautier, Michel"]
[Result "0-1"]
[WhiteElo "1445"]
[BlackElo "1500"]
[PlyCount "36"]
[EventDate "2019.07.05"]
[EventType "swiss"]
[EventRounds "5"]
[EventCountry "FRA"]
[SourceTitle "EXT 2020"]
[Source "ChessBase"]
[SourceDate "2019.10.17"]
[SourceVersion "1"]
[SourceVersionDate "2019.10.17"]
[SourceQuality "1"]

1. d4 Nf6 2. Nf3 c5 3. d5 e6 4. dxe6 fxe6 5. e3 Nc6 6. Be2 Be7 7. 0-0 0-0 8. b3 d5 9. Bb2 Qc7 10. h3 e5 11. c4 d4 12. Qc1 e4 13. exd4 exf3 14. Bxf3 Nxd4 15. Bd5+ Nxd5 16. cxd5 Ne2+ 17. Kh1 Nxc1 18. Bxc1 Qe5 0-1

[Event "Sautron op 18th"]
[Site "Sautron "]
[Date "2018.10.20"]
[Round "1.11"]
[White "Manea, Alexandru"]
[Black "Gautier, Michel"]
[Result "1-0"]
[WhiteElo "2359"]
[BlackElo "1536"]
[PlyCount "41"]
[EventDate "2018.10.20"]
[EventType "swiss"]
[EventRounds "9"]
[EventCountry "FRA"]
[SourceTitle "EXT 2021"]
[Source "ChessBase"]
[SourceDate "2020.10.23"]
[SourceVersion "1"]
[SourceVersionDate "2020.10.23"]
[SourceQuality "1"]

1. d4 Nf6 2. c4 d6 3. Nf3 Nbd7 4. g3 e5 5. Bg2 Be7 6. 0-0 0-0 7. Nc3 Re8 8. e4 Bf8 9. d5 a5 10. h3 Nc5 11. Qc2 Bd7 12. Be3 h6 13. Kh2 Be7 14. Bxc5 dxc5 15. Nxe5 Bd6 16. Nd3 Nh5 17. f4 g5 18. e5 Bf8 19. Ne4 Bf5 20. Qd1 Bg6 21. f5 1-0

[Event "Angers op 7th"]
[Site "Angers"]
[Date "2012.04.21"]
[Round "3"]
[White "Primel, Dominique"]
[Black "Gautier, Michel"]
[Result "1-0"]
[WhiteElo "1990"]
[BlackElo "1693"]
[PlyCount "53"]
[EventDate "2012.04.20"]
[EventType "swiss"]
[EventRounds "6"]
[EventCountry "FRA"]
[SourceTitle "CBM 148 Extra"]
[Source "ChessBase"]
[SourceDate "2012.06.22"]
[SourceVersion "1"]
[SourceVersionDate "2012.06.22"]
[SourceQuality "1"]

1. Nf3 d5 2. d4 Nf6 3. c4 e6 4. g3 c5 5. cxd5 cxd4 6. Qxd4 Nxd5 7. a3 Nc6 8. Qd1 Bd7 9. e4 Nf6 10. Nc3 e5 11. Bg2 a6 12. 0-0 Bc5 13. Bg5 Be7 14. h3 0-0 15. Qd2 Be6 16. Rad1 Bb3 17. Qxd8 Raxd8 18. Rc1 Rfe8 19. Rfe1 Rd7 20. Be3 Bd8 21. Nd2 Be6 22. f4 Rc7 23. Red1 Rc8 24. f5 Bd7 25. g4 g6 26. Nc4 Nxe4 27. Nxe4 1-0

[Event "Angers op 5th"]
[Site "Angers"]
[Date "2010.04.25"]
[Round "6"]
[White "Gautier, Michel"]
[Black "Roche, Jean Francois"]
[Result "1-0"]
[WhiteElo "1734"]
[BlackElo "1560"]
[PlyCount "37"]
[EventDate "2010.04.23"]
[EventType "swiss"]
[EventRounds "6"]
[EventCountry "FRA"]
[SourceTitle "EXT 2011"]
[Source "ChessBase"]
[SourceDate "2010.11.26"]
[SourceVersion "1"]
[SourceVersionDate "2010.11.26"]
[SourceQuality "1"]

1. e4 d6 2. d4 Nf6 3. Nc3 g6 4. Be3 Bg7 5. f3 0-0 6. Bc4 c6 7. a3 b5 8. Bb3 a5 9. Nge2 Bb7 10. h4 h5 11. Qd2 Na6 12. Bh6 b4 13. Bxg7 Kxg7 14. axb4 axb4 15. Nd1 Qb6 16. Ne3 Nc7 17. Kf2 Rxa1 18. Rxa1 Rg8 19. Nc4 1-0

[Event "Angers op 5th"]
[Site "Angers"]
[Date "2010.04.23"]
[Round "2"]
[White "Gautier, Michel"]
[Black "Rahier, Thomas"]
[Result "1-0"]
[WhiteElo "1734"]
[BlackElo "1520"]
[PlyCount "125"]
[EventDate "2010.04.23"]
[EventType "swiss"]
[EventRounds "6"]
[EventCountry "FRA"]
[SourceTitle "EXT 2011"]
[Source "ChessBase"]
[SourceDate "2010.11.26"]
[SourceVersion "1"]
[SourceVersionDate "2010.11.26"]
[SourceQuality "1"]

1. e4 c5 2. Nf3 Nc6 3. Bb5 d6 4. 0-0 e5 5. Bxc6+ bxc6 6. c3 Nf6 7. Re1 Be7 8. d4 cxd4 9. cxd4 exd4 10. Nxd4 Qb6 11. e5 dxe5 12. Rxe5 Nd5 13. Nc3 f6 14. Nxd5 cxd5 15. Rxd5 0-0 16. Qb3 Qxb3 17. Nxb3 Be6 18. Rd3 Rab8 19. Bf4 Rb7 20. Re1 Kf7 21. Rde3 Bxb3 22. Rxb3 Rxb3 23. axb3 Bb4 24. Re4 Rd8 25. Kf1 a5 26. Ke2 g5 27. Be3 h5 28. Rd4 Rc8 29. Rc4 Re8 30. Kd3 Rb8 31. Bc5 Bxc5 32. Rxc5 Rxb3+ 33. Kc2 a4 34. Rc4 Rb5 35. Rxa4 Ke6 36. Kc3 Re5 37. Kd3 Rd5+ 38. Rd4 Rb5 39. b4 Ke5 40. h4 g4 41. Rc4 Rd5+ 42. Ke3 Ke6 43. Rc5 Rd7 44. Rxh5 Rb7 45. b5 f5 46. Rh6+ Ke5 47. b6 f4+ 48. Ke2 Kf5 49. Rc6 Re7+ 50. Kd3 Rb7 51. h5 Kg5 52. h6 g3 53. fxg3 fxg3 54. Ke2 Kg4 55. Rg6+ Kh5 56. Rxg3 Kxh6 57. Rb3 Kg5 58. Kf3 Rf7+ 59. Ke4 Rb7 60. Kd5 Kg4 61. Kc6 Rb8 62. Kc7 Rg8 63. b7 1-0

[Event "Angers op 1st"]
[Site "Angers"]
[Date "2006.05.08"]
[Round "6"]
[White "Krauss, David"]
[Black "Gautier, Michel"]
[Result "1-0"]
[WhiteElo "1740"]
[BlackElo "1580"]
[PlyCount "43"]
[EventDate "2006.05.06"]
[EventType "swiss"]
[EventRounds "6"]
[EventCountry "FRA"]
[SourceTitle "EXT 2007"]
[Source "ChessBase"]
[SourceDate "2006.11.23"]
[SourceVersion "1"]
[SourceVersionDate "2006.11.23"]
[SourceQuality "1"]

1. e4 c5 2. Nc3 Nc6 3. f4 g6 4. Nf3 Bg7 5. Bb5 e6 6. 0-0 Nge7 7. d3 a6 8. Bxc6 Nxc6 9. Qe1 0-0 10. Be3 d6 11. a3 Bd7 12. Qg3 f5 13. Ng5 b5 14. Rae1 Nd4 15. Bxd4 Bxd4+ 16. Kh1 Bf6 17. Qh4 h6 18. Qxh6 Bxg5 19. Qxg6+ Kh8 20. fxg5 Be8 21. Qh6+ Kg8 22. Qxe6+ 1-0